000 00637nam a2200205 a 4500
001 2439967
005 20180222084118.0
008 891003s1989 maua 000 0 eng
010 _a 88081561
020 _a0316475858
040 _aDLC
_cDLC
_dDLC
041 _aeng
080 _a616.0754 TOD
082 0 0 _a616.0754 TOD
_220
100 _a4
101 _aSHM
245 0 0 _aClinical diagnosis :
_cedited by Richard D. Judge, George D. Zuidema, Faith T. Fitzgerald ; with illustrations by Mary Ann Olson and Leslie H. Arwin.
906 _a7
_bcbc
_corignew
_d2
_eopcn
_f19
_gy-gencatlg
942 _2ddc
_cBK
999 _c43217
_d43217